Current perspectives in clinical treatment & management in workers' compensation cases

Bibliographic Details
Corporate Author: ProQuest (Firm)
Other Authors: Stout, Chris E., Kruger, Matt., Rogers, Jeff.
Format: Electronic eBook
Language:English
Published: [Saif Zone, Sharjah, United Arab Emirates] : Bentham Science Publishers Ltd., [2011]
Subjects:
Online Access:Click to View
LEADER 01608nam a2200373 a 4500
001 EBC864273
003 MiAaPQ
005 20200520144314.0
006 m o d |
007 cr cn|||||||||
008 110921s2011 ts a sb 001 0 eng d
020 |z 9781608052516 
035 |a (MiAaPQ)EBC864273 
035 |a (Au-PeEL)EBL864273 
035 |a (CaPaEBR)ebr10492631 
035 |a (OCoLC)779141438 
040 |a MiAaPQ  |c MiAaPQ  |d MiAaPQ 
050 4 |a HD7103.6  |b .C87 2011 
245 0 0 |a Current perspectives in clinical treatment & management in workers' compensation cases  |h [electronic resource] /  |c edited by Chris E. Stout, Matt Kruger and Jeff Rogers. 
246 3 |a Current perspectives in clinical treatment and management in workers' compensation cases 
260 |a [Saif Zone, Sharjah, United Arab Emirates] :  |b Bentham Science Publishers Ltd.,  |c [2011] 
300 |a xiv, 255 p. :  |b ill. (some col.) 
504 |a Includes bibliographical references and indexes. 
505 0 |a pt. 1. A look back, a look around and a look to the future -- pt. 2. Invited specialty chapters. 
533 |a Electronic reproduction. Ann Arbor, MI : ProQuest, 2015. Available via World Wide Web. Access may be limited to ProQuest affiliated libraries. 
650 0 |a Workers' compensation. 
650 0 |a Disability evaluation. 
650 0 |a Disability insurance. 
655 4 |a Electronic books. 
700 1 |a Stout, Chris E. 
700 1 |a Kruger, Matt. 
700 1 |a Rogers, Jeff. 
710 2 |a ProQuest (Firm) 
856 4 0 |u https://ebookcentral.proquest.com/lib/matrademy/detail.action?docID=864273  |z Click to View